<?xml version="1.0" encoding="UTF-8"?><?xml-stylesheet type="text/xsl" href="static/style.xsl"?><OAI-PMH xmlns="http://www.openarchives.org/OAI/2.0/" xmlns:xsi="http://www.w3.org/2001/XMLSchema-instance" xsi:schemaLocation="http://www.openarchives.org/OAI/2.0/ http://www.openarchives.org/OAI/2.0/OAI-PMH.xsd"><responseDate>2026-06-07T06:36:58Z</responseDate><request verb="GetRecord" identifier="oai:riuma.uma.es:10630/45318" metadataPrefix="marc">https://riuma.uma.es/rest/oai/request</request><GetRecord><record><header><identifier>oai:riuma.uma.es:10630/45318</identifier><datestamp>2026-03-26T11:05:29Z</datestamp><setSpec>com_10630_2254</setSpec><setSpec>col_10630_37953</setSpec></header><metadata><record xmlns="http://www.loc.gov/MARC21/slim" xmlns:dcterms="http://purl.org/dc/terms/" xmlns:doc="http://www.lyncode.com/xoai" xmlns:xsi="http://www.w3.org/2001/XMLSchema-instance" xsi:schemaLocation="http://www.loc.gov/MARC21/slim http://www.loc.gov/standards/marcxml/schema/MARC21slim.xsd">
   <leader>00925njm 22002777a 4500</leader>
   <datafield ind2=" " ind1=" " tag="042">
      <subfield code="a">dc</subfield>
   </datafield>
   <datafield ind2=" " ind1=" " tag="720">
      <subfield code="a">Ruiz-Gómez, Lorea Ariadna</subfield>
      <subfield code="e">author</subfield>
   </datafield>
   <datafield ind2=" " ind1=" " tag="260">
      <subfield code="c">2023</subfield>
   </datafield>
   <datafield ind2=" " ind1=" " tag="520">
      <subfield code="a">Este artigo pretende abordar a situação atual dos museus, centrando-se espe-cificamente na forma como estes se percepcionam, o que está intimamente relacionado com a própria definição do que é um museu. Neste sentido, tem--se verificado que a museologia tem tido dificuldades em efetuar esta redefi-nição. Isto tem levado a esforços prolongados para concetualizar e adotar o termo no contexto global do ICOM. Esta análise levou-nos desde a proposta falhada de 2019 até à mais recente, aprovada em agosto de 2022. Este facto evidencia  a  estreita  relação  entre  a  terminologia  utilizada  e  conceitos  mo-dernos muito relevantes, como a sustentabilidade, a inclusão social, a comu-nidade, entre outros. Estas preocupações estão claramente reflectidas nos Objectivos de Desenvolvimento Sustentável (ODS)</subfield>
   </datafield>
   <datafield ind2=" " ind1=" " tag="520">
      <subfield code="a">This article aims to address the current situation of museums, focusing spe- cifically on how they perceive themselves, which is closely related to the very defini- tion of museum. In this sense, it has been observed that museology has experienced difficulties in carrying out this redefinition. This has led to protracted efforts to con- ceptualise and adopt the term in the global context of ICOM. This analysis has taken us from the failed proposal of 2019 to the latest one, approved in August 2022. This highlights the close relationship between the terminology used and very relevant modern concepts, such as sustainability, social inclusion, community, among others. These concerns are clearly reflected in the Sustainable Development Goals (SDGs)</subfield>
   </datafield>
   <datafield ind2=" " ind1=" " tag="520">
      <subfield code="a">Este artículo pretende abordar la situación actual de los museos, centrán- dose específicamente en cómo son percibidos, lo que está estrechamente relacionado con la propia definición de lo que es un museo. En este sentido, a la museología le ha resultado difícil redefinirse. Ello ha dado lugar a prolongados esfuerzos por concep- tualizar y adoptar el término en el contexto mundial del ICOM. Este análisis nos ha llevado desde la propuesta fallida de 2019 hasta la más reciente, aprobada en agosto de 2022. Esto pone de manifiesto la estrecha relación entre la terminología utilizada y conceptos modernos muy relevantes como sostenibilidad, inclusión social, comunidad, entre otros. Estas preocupaciones se reflejan claramente en los Objetivos de Desarrol- lo Sostenible (ODS)</subfield>
   </datafield>
   <datafield ind1="8" ind2=" " tag="024">
      <subfield code="a">Gómez, A. R. (2023). The discussion on today’s museum: The social debate. 20th century parameters in the 21st century and Ibero-American debates. DAT Journal, 8(4), 71–83. https://doi.org/10.29147/datjournal.v8i4.800</subfield>
   </datafield>
   <datafield ind1="8" ind2=" " tag="024">
      <subfield code="a">2526-1789</subfield>
   </datafield>
   <datafield ind1="8" ind2=" " tag="024">
      <subfield code="a">https://hdl.handle.net/10630/45318</subfield>
   </datafield>
   <datafield ind1="8" ind2=" " tag="024">
      <subfield code="a">10.29147/datjournal.v8i4.800</subfield>
   </datafield>
   <datafield tag="653" ind2=" " ind1=" ">
      <subfield code="a">Museología</subfield>
   </datafield>
   <datafield ind2="0" ind1="0" tag="245">
      <subfield code="a">A discussão sobre o museu atual: O debate social. Parâmetros do século XX no século XXI e debates ibero-americanos</subfield>
   </datafield>
</record>
</metadata></record></GetRecord></OAI-PMH>